000
00300nam a22001457a 4500
008
210426b ||||| |||| 00| 0 eng d
020
_a
0201101866
041
_a
eng
080
_a
91
082
_a
91
100
_a
42
101
_a
GJEO
245
_a
Earth Science
_c
Fariel,R.E
942
_2
udc
_c
BK
999
_c
56713
_d
56713